Представление документа в формате RUSMARC

ПолеНазваниеЗначение
  Тип записи a
  Библиографический уровень m
001 Контрольный номер aaf2edd0aa4c4c01b30c9a44daaab52f
005 Дата корректировки 20220209153646.7
010 Индекс ISBN __
a ISBN 978-5-04-117523-8
d Цена 638-00
100 Данные общей обработки __
a Данные общей обработки 20220209d2021####am#y0rusy50######ca
101 Язык документа 0_
a Язык текста rus
102 Страна публикации __
a Страна публикации RU
200 Заглавие и сведения об ответственности 1_
a Заглавие Эффект негативности
e Сведения, относящиеся к заглавию как способность замечать плохое трансформирует нашу реальность
f Первые сведения об ответственности Рой Баумайстер, Джон Тирни
g Последующие сведения об ответственности перевод с английского Е. А. Сибуль
210 Выходные данные 1_
a Место издания Москва
c Издательство Эксмо
c Издательство Бомбора™
d Дата издания 2021
215 Физическое описание __
a Объем 444, [1] с.
225 Серия (Журнальная рубрика) 2_
a Серия (Журнальная рубрика) Книги-драйверы
320 Библиография __
a Библиография Алфавитный указатель: с. 440-445
320 Библиография __
a Библиография Библиография: с. 375-439
330 Аннотация __
a Аннотация Авторы книги провели масштабное исследование человеческой способности видеть плохое и не замечать хорошее. Они вывели ряд закономерностей эффекта негативности и определили стратегии борьбы с ним. Из книги вы узнаете: почему наказание намного эффективнее награды, как заставить работать рациональную часть мозга и сдерживать негатив в личной и общественной жизни, как научиться извлекать пользу из плохих событий, как осознанно подавлять импульсы, которые вызывают парализующую неуверенность, панические атаки и фобии.
333 Примечание о целевом назначении __
a Примечание о целевом назначении 16+
606 Тематические рубрики __
a Основная рубрика Психология
606 Тематические рубрики __
a Основная рубрика Психология общества
610 Ключевые слова 0_
a Ключевые слова поведенческая психология
a Ключевые слова позитивное мышление
a Ключевые слова уверенность в себе
a Ключевые слова саморазвитие
a Ключевые слова личностный рост
a Ключевые слова негативные влияния
686 Индексы других классификаций __
a Индекс ББК 88.52
700 Автор _1
a Фамилия Баумайстер
b Имя Р.
g Полное личное имя Рой
f Даты 1953-
701 Альтернативная интеллектуальная ответственность (другие авторы) _1
a Фамилия Тирни
b Имя Д.
g Полное личное имя Джон
702 Вторичная интеллектуальная ответственность _1
a Фамилия Сибуль
b Имя Е. А.
801 Источник записи _0
a Страна RU
b Организация Центральная районная библиотека им. Г. А. Пирожникова
c Дата составления 20220209
g Правила каталогизации bzbo
801 Источник записи _1
a Страна RU
b Организация Центральная районная библиотека им. Г. А. Пирожникова
c Дата составления 20220209
g Правила каталогизации bzbo
852 Данные о местонахождении __
j Шифр хранения 88.52
i Авторский знак Б 292
901 Тип документа __
t Тип документа m
902 Роль лиц __
a Создатель БЗ ОКиО/Шумских